[Event "55th Groningen Open 2017"]
[Site "Groningen NED"]
[Date "2017.12.23"]
[Round "2.12"]
[White "Weggen, Jeroen"]
[Black "Schoppen, Casper"]
[Result "0-1"]
[BlackTitle "IM"]
[WhiteElo "2126"]
[BlackElo "2395"]
[WhiteFideId "1027980"]
[BlackFideId "1046730"]
[EventDate "2017.12.22"]

1. d4 d5 2. c4 c6 3. cxd5 cxd5 4. Nc3 Nf6 5. f3 Nc6 6. e4 dxe4 7. d5 Ne5 8. fxe4
e6 9. Nf3 Nxf3+ 10. Qxf3 Bd6 11. Bf4 Bxf4 12. Qxf4 O-O 13. d6 Qa5 14. Be2 e5 15.
Qd2 Be6 16. O-O Rfd8 17. Rxf6 gxf6 18. Rd1 Kg7 19. Kh1 Qb6 20. Qd3 Qf2 21. Rf1
Qh4 22. Nd5 Rxd6 23. Qa3 Rad8 24. Ne3 Qxe4 25. h3 Rd3 26. Qe7 Qxe3 27. Qxf6+ Kg8
28. Bxd3 Rxd3 29. Rf3 Qc1+ 30. Rf1 Rd1 0-1

[Event "55th Groningen Open 2017"]
[Site "Groningen NED"]
[Date "2017.12.23"]
[Round "3.1"]
[White "Ernst, Sipke"]
[Black "Turov, Maxim"]
[Result "1/2-1/2"]
[WhiteTitle "GM"]
[BlackTitle "GM"]
[WhiteElo "2532"]
[BlackElo "2618"]
[WhiteFideId "1004689"]
[BlackFideId "4120086"]
[EventDate "2017.12.22"]

1. g3 Nf6 2. Bg2 d5 3. Nf3 g6 4. d4 Bg7 5. c4 O-O 6. O-O dxc4 7. Na3 c3 8. bxc3
c5 9. Ne5 Nd5 10. Bd2 Nc6 11. Nac4 Be6 12. Rb1 Qc7 13. Nxc6 bxc6 14. Qa4 Nb6 1/2-1/2

[Event "55th Groningen Open 2017"]
[Site "Groningen NED"]
[Date "2017.12.23"]
[Round "3.3"]
[White "Schoppen, Casper"]
[Black "Kryakvin, Dmitry"]
[Result "0-1"]
[WhiteTitle "IM"]
[BlackTitle "GM"]
[WhiteElo "2395"]
[BlackElo "2580"]
[WhiteFideId "1046730"]
[BlackFideId "4153278"]
[EventDate "2017.12.22"]

1. d4 d5 2. c4 c6 3. Nc3 Nf6 4. Nf3 dxc4 5. a4 a5 6. g3 Na6 7. Bg2 Nb4 8. O-O
Bf5 9. Bg5 Bc2 10. Qd2 Ne4 11. Qf4 Nd6 12. Qd2 h6 13. Bf4 e6 14. Rac1 Bb3 15.
Be5 Nd5 16. h4 Nxc3 17. bxc3 Bxa4 18. Rfe1 Ne4 19. Qf4 Nf6 20. e4 Be7 21. d5
cxd5 22. exd5 Nxd5 23. Qxc4 b5 24. Qc6+ Kf8 25. Nd4 Rc8 26. Qb7 Nf6 27. Nc6 Qd7
28. Qa6 Bc5 29. Bd4 Bd6 30. Be5 Ba3 31. Ra1 Bc5 32. Bf3 Kg8 33. c4 Kh7 34. cxb5
Ra8 35. Rxa4 Rxa6 36. bxa6 Qd3 37. Rf4 Qxa6 38. Bxf6 gxf6 39. Rxf6 Kg7 40. Rf4
Rf8 41. Ne5 Qd6 42. Rg4+ Kh7 43. Rf4 f5 44. Bg2 Rg8 45. Kh2 a4 46. Rf3 Rg7 47.
Bf1 Bd4 48. Nc4 Qd5 49. Rf4 Rg4 50. Rxg4 fxg4 51. Ne3 Qa5 52. Bd3+ Kg7 53. Re2
Qc3 54. Bb1 Bxe3 55. fxe3 Kf6 56. Kg2 Ke5 57. Kh2 h5 58. Kg2 Qc6+ 59. Kh2 Qb5
60. Re1 a3 0-1

[Event "55th Groningen Open 2017"]
[Site "Groningen NED"]
[Date "2017.12.23"]
[Round "3.4"]
[White "Plat, Vojtech"]
[Black "Van Foreest, Lucas"]
[Result "1-0"]
[WhiteTitle "GM"]
[BlackTitle "IM"]
[WhiteElo "2567"]
[BlackElo "2481"]
[WhiteFideId "325740"]
[BlackFideId "1039792"]
[EventDate "2017.12.22"]

1. e4 e5 2. Nf3 Nc6 3. Bb5 Nf6 4. O-O Nxe4 5. Re1 Nd6 6. Nxe5 Be7 7. Bd3 Nxe5 8.
Rxe5 O-O 9. Nc3 Re8 10. b3 Bf6 11. Re3 Rxe3 12. fxe3 b6 13. Bb2 Bb7 14. Qg4 Qe7
15. Rf1 Qe6 16. Qg3 Re8 17. a4 h6 18. Nd1 Bxb2 19. Nxb2 Ne4 20. Bxe4 Qxe4 21.
Nd3 d6 22. Rf4 Qe6 23. Nf2 Qe5 24. Ng4 Qg5 25. h4 Qg6 26. h5 Qe6 27. Nf6+ Kh8
28. Nxe8 Qxe8 29. Rg4 Qf8 30. Qf4 Qe7 31. e4 a5 32. Rg3 f6 33. Re3 Qe8 34. Qf5
Bc8 35. Qg6 Qe7 36. d4 Be6 37. e5 fxe5 38. dxe5 d5 39. Qg3 Qc5 40. Qf2 Qd4 41.
Re1 Qg4 42. Qf8+ Kh7 43. Qf3 Qd4+ 44. Re3 Kg8 45. Qe2 Qa1+ 46. Qe1 Qd4 47. Qc3
Qg4 48. Qc6 Qd1+ 49. Kf2 Qd2+ 50. Re2 Qf4+ 51. Kg1 Qd4+ 52. Kf1 Qd1+ 53. Re1 Qg4
54. Re2 Kh7 55. Qxc7 Qf4+ 56. Rf2 Qd4 57. g3 Qe3 58. Kg2 Qe4+ 59. Kh2 Qe3 60.
Rg2 Qf3 61. Qe7 Qxh5+ 62. Qh4 Qxe5 63. Rf2 d4 64. Rd2 Bd5 65. Qg4 Qe1 66. Qd1
Qe4 67. Rf2 Qe3 68. Qf1 Qe4 69. Rd2 Qe5 70. Qe2 Be4 71. Qg4 Bc6 72. Qe2 Be4 73.
Rd1 Qf5 74. Rxd4 Bxc2 75. Rf4 Qg6 76. Qc4 Bf5 77. Qb5 Qh5+ 78. Kg1 g6 79. Qxb6
Qd1+ 80. Rf1 Qd3 81. Qc7+ Kh8 82. Qe5+ Kg8 83. g4 1-0

[Event "55th Groningen Open 2017"]
[Site "Groningen NED"]
[Date "2017.12.23"]
[Round "3.5"]
[White "Pel, Bonno"]
[Black "Pruijssers, Roeland"]
[Result "1/2-1/2"]
[WhiteTitle "FM"]
[BlackTitle "GM"]
[WhiteElo "2247"]
[BlackElo "2543"]
[WhiteFideId "1004760"]
[BlackFideId "1013068"]
[EventDate "2017.12.22"]

1. g3 f5 2. Bg2 Nf6 3. d3 e5 4. Nf3 Nc6 5. O-O g6 6. a3 Bg7 7. b4 d6 8. Bb2 O-O
9. c4 h6 10. c5 Be6 11. Nbd2 g5 12. b5 Ne7 13. Nc4 Ng6 14. Nfd2 Rb8 15. Qa4 Nd7
16. cxd6 cxd6 17. Rac1 d5 18. Na5 Nb6 19. Qb4 f4 20. Nab3 Nd7 21. Qd6 Qe7 22.
Qxe7 Nxe7 1/2-1/2

[Event "55th Groningen Open 2017"]
[Site "Groningen NED"]
[Date "2017.12.23"]
[Round "3.6"]
[White "Bok, Benjamin"]
[Black "De Jong, Migchiel"]
[Result "1-0"]
[WhiteTitle "GM"]
[BlackTitle "IM"]
[WhiteElo "2601"]
[BlackElo "2331"]
[WhiteFideId "1017063"]
[BlackFideId "1002848"]
[EventDate "2017.12.22"]

1. d4 e6 2. Nf3 Nf6 3. c4 b6 4. g3 Bb7 5. Bg2 Bb4+ 6. Nbd2 O-O 7. O-O Be7 8. Qc2
d5 9. b3 Na6 10. Bb2 c5 11. cxd5 Nxd5 12. Rac1 cxd4 13. Bxd4 Ba3 14. Rcd1 Rc8
15. Qb1 Bc5 16. Bb2 Qe7 17. Qa1 f6 18. a3 b5 19. b4 Bb6 20. Nb3 Nb8 21. Bd4 Nd7
22. Bxb6 N5xb6 23. Na5 Bxf3 24. exf3 Nc4 25. Nb3 Rfd8 26. Nd4 a6 27. f4 Nb8 28.
Bh3 f5 29. Rfe1 Qf7 30. Nxe6 Rxd1 31. Qxd1 g6 32. Bg2 Qd7 33. Bd5 Nb6 34. Nc7+
Kh8 35. Qd4+ Qg7 36. Qxb6 1-0

[Event "55th Groningen Open 2017"]
[Site "Groningen NED"]
[Date "2017.12.23"]
[Round "3.7"]
[White "Postny, Evgeny"]
[Black "Stoyanov, Tsvetan"]
[Result "1-0"]
[WhiteTitle "GM"]
[BlackTitle "FM"]
[WhiteElo "2581"]
[BlackElo "2242"]
[WhiteFideId "2804344"]
[BlackFideId "2917173"]
[EventDate "2017.12.22"]

1. d4 Nf6 2. c4 e6 3. Nf3 b6 4. g3 Bb7 5. Bg2 Bb4+ 6. Bd2 Bxd2+ 7. Qxd2 d6 8.
O-O O-O 9. Nc3 Ne4 10. Qc2 Nxc3 11. Qxc3 Nd7 12. d5 e5 13. e4 Qe7 14. Nd2 Rac8
15. Rad1 c6 16. dxc6 Bxc6 17. Qe3 Nc5 18. Nb1 f5 19. exf5 Bxg2 20. Kxg2 Rxf5 21.
Nc3 Rcf8 22. Qd2 Qf7 23. Qd5 Ne6 24. Ne4 Kh8 25. Kg1 Qg6 26. Qxd6 R5f7 27. Qxe5
Nf4 28. f3 Rf5 29. Qe7 h6 30. Rd6 Ne2+ 31. Kg2 Nf4+ 32. Kh1 Qh5 33. gxf4 Qh3 34.
Rf2 Rxf4 35. Rd8 Rxd8 36. Qxd8+ Kh7 37. Qd3 1-0

[Event "55th Groningen Open 2017"]
[Site "Groningen NED"]
[Date "2017.12.23"]
[Round "3.8"]
[White "Kuipers, Stefan"]
[Black "Pappelis, Dimitrios"]
[Result "1-0"]
[WhiteTitle "IM"]
[WhiteElo "2440"]
[BlackElo "2114"]
[WhiteFideId "1018400"]
[BlackFideId "4215281"]
[EventDate "2017.12.22"]

1. e4 e5 2. Nf3 Nc6 3. Bc4 Nf6 4. d3 Be7 5. O-O O-O 6. Re1 d6 7. a4 h6 8. h3 Re8
9. Nc3 Bf8 10. d4 Nxd4 11. Nxd4 exd4 12. Qxd4 Be6 13. Bf4 c6 14. Red1 Qb6 15.
Bxe6 Rxe6 16. a5 Qxd4 17. Rxd4 Rae8 18. Rb4 d5 19. Rxb7 Nxe4 20. Be3 Nxc3 21.
bxc3 a6 22. Rab1 f5 23. Ra7 f4 24. Bxf4 Bc5 25. Rxa6 Re2 26. Rxc6 Bxf2+ 27. Kh2
Rxc2 28. Rb7 Bd4 29. a6 Ree2 30. Rg6 Kh7 31. Rxh6+ Kg8 32. Rg6 Kh7 33. Rh6+ Kg8
34. cxd4 Rxg2+ 35. Kh1 Rgf2 36. Rg6 Rxf4 37. Rgxg7+ Kf8 38. a7 Ra2 39. Rg2 Rf1+
40. Kh2 1-0

[Event "55th Groningen Open 2017"]
[Site "Groningen NED"]
[Date "2017.12.23"]
[Round "3.9"]
[White "Hommes, Elmar"]
[Black "Warmerdam, Max"]
[Result "1-0"]
[BlackTitle "FM"]
[WhiteElo "2039"]
[BlackElo "2356"]
[WhiteFideId "1017136"]
[BlackFideId "1048104"]
[EventDate "2017.12.22"]

1. Nf3 Nf6 2. c4 g6 3. g3 Bg7 4. Bg2 O-O 5. d4 d6 6. O-O Nc6 7. Nc3 a6 8. Nd5 e6
9. Nxf6+ Qxf6 10. Bg5 Qf5 11. Qd2 Nxd4 12. Nxd4 Bxd4 13. Be7 Re8 14. Bxd6 Bxb2
15. Qxb2 cxd6 16. Rfd1 Qe5 17. Rab1 Re7 18. Qb6 Rd7 19. Rd2 Kf8 20. Rbd1 Ke7 21.
Rd3 a5 22. Re3 Qc5 23. Qb2 f6 24. Rf3 Qe5 25. Qc1 Qg5 26. Re3 Rc7 27. Rd5 Qg4
28. f4 e5 29. fxe5 dxe5 30. Qa3+ Kf7 31. Rd8 g5 32. Qf8+ Kg6 33. Be4+ Bf5 34.
Bxf5+ Qxf5 35. Rxa8 g4 36. Qd8 Rd7 37. Qg8+ Kh6 38. Qf8+ Kg6 39. Qe8+ Kh6 40.
Rd8 Qg5 41. Rxd7 Qxe3+ 42. Kf1 1-0

[Event "55th Groningen Open 2017"]
[Site "Groningen NED"]
[Date "2017.12.23"]
[Round "3.10"]
[White "Van Dael, Siem"]
[Black "Kislinsky, Alexey"]
[Result "0-1"]
[WhiteTitle "FM"]
[BlackTitle "GM"]
[WhiteElo "2268"]
[BlackElo "2513"]
[WhiteFideId "1049771"]
[BlackFideId "14108801"]
[EventDate "2017.12.22"]

1. e4 c5 2. Nf3 Nc6 3. d4 cxd4 4. Nxd4 g6 5. c4 Nf6 6. Nc3 d6 7. Be2 Bg7 8. Be3
O-O 9. O-O Bd7 10. Qd2 Nxd4 11. Bxd4 Bc6 12. f3 a5 13. b3 Nd7 14. Be3 Nc5 15.
Rab1 e6 16. Rfd1 Be5 17. Bd4 Qe7 18. Bxe5 dxe5 19. a3 Rfd8 20. Qe3 Rxd1+ 21.
Bxd1 Na6 22. Nb5 Rd8 23. Be2 f5 24. Kh1 fxe4 25. fxe4 Nc5 26. Nc3 Rd4 27. Bf3
Rd3 28. Qe1 Qf6 29. Rd1 Rd4 30. Rb1 Kg7 31. b4 axb4 32. axb4 Nd3 33. Qe3 Qf4 34.
Qxf4 exf4 35. b5 Be8 36. e5 Rxc4 37. Ne4 Rxe4 38. Bxe4 Nf2+ 39. Kg1 Nxe4 40. Rc1
Bxb5 41. Rc7+ Kh6 42. Rxb7 Bc6 43. Rf7 g5 44. g3 Kg6 45. Rf8 Kg7 46. Rc8 Bd5 47.
gxf4 gxf4 48. Rc7+ Kg6 49. Kg2 Ng5+ 0-1

[Event "55th Groningen Open 2017"]
[Site "Groningen NED"]
[Date "2017.12.23"]
[Round "3.11"]
[White "Kathmale, Sameer"]
[Black "Zelbel, Patrick"]
[Result "1-0"]
[WhiteTitle "IM"]
[BlackTitle "IM"]
[WhiteElo "2264"]
[BlackElo "2456"]
[WhiteFideId "5024498"]
[BlackFideId "24624322"]
[EventDate "2017.12.22"]

1. e4 e5 2. Nf3 Nc6 3. Bb5 f5 4. d3 fxe4 5. dxe4 Nf6 6. O-O Bc5 7. Qd3 Nd4 8.
Nxd4 Bxd4 9. Nd2 a6 10. Bc4 d6 11. Nf3 b5 12. Bb3 c5 13. Nxd4 c4 14. Bxc4 bxc4
15. Qxc4 exd4 16. Re1 Ra7 17. e5 Re7 18. Bf4 d5 19. Qa4+ Bd7 20. Qxd4 Ne4 21.
Qxd5 Qc8 22. Rxe4 Be6 23. Qd6 Rc7 24. Bg5 h6 25. Bd8 Rb7 26. Rd4 Kf7 27. b3 Re8
28. Bb6 Qxc2 29. Rd2 Qc3 30. Qd4 Qc6 31. Bc5 Rc8 32. b4 a5 33. a3 a4 34. Rad1
Kg8 35. Qh4 Bb3 36. Rd6 Qb5 37. Rd8+ Rxd8 38. Rxd8+ Kh7 39. Qe4+ g6 40. e6 1-0

[Event "55th Groningen Open 2017"]
[Site "Groningen NED"]
[Date "2017.12.23"]
[Round "3.12"]
[White "Van Ketel, Raoul"]
[Black "Beerdsen, Thomas"]
[Result "0-1"]
[WhiteTitle "FM"]
[BlackTitle "IM"]
[WhiteElo "2214"]
[BlackElo "2419"]
[WhiteFideId "1004883"]
[BlackFideId "1030108"]
[EventDate "2017.12.22"]

1. d4 Nf6 2. c4 e6 3. Nc3 Bb4 4. a3 Bxc3+ 5. bxc3 b6 6. f3 d5 7. cxd5 exd5 8. e3
O-O 9. Bd3 c5 10. Ne2 Ba6 11. Bxa6 Nxa6 12. O-O Re8 13. Ng3 cxd4 14. cxd4 Qd7
15. Qe2 Nc7 16. Qf2 Nb5 17. Bb2 Nd6 18. Rae1 Re6 19. Re2 Rae8 20. Rfe1 a5 21. h3
b5 22. Nf1 Nc4 23. g4 h6 24. Ng3 b4 25. axb4 axb4 26. e4 dxe4 27. fxe4 Nxb2 28.
Rxb2 Nxe4 29. Nxe4 Rxe4 30. Rxe4 Rxe4 31. Rxb4 h5 32. Qh4 Qd6 33. Ra4 Qc6 34.
Ra1 hxg4 35. hxg4 Rxd4 36. Re1 Qd7 0-1

[Event "55th Groningen Open 2017"]
[Site "Groningen NED"]
[Date "2017.12.24"]
[Round "4.1"]
[White "Kryakvin, Dmitry"]
[Black "Plat, Vojtech"]
[Result "0-1"]
[WhiteTitle "GM"]
[BlackTitle "GM"]
[WhiteElo "2580"]
[BlackElo "2567"]
[WhiteFideId "4153278"]
[BlackFideId "325740"]
[EventDate "2017.12.22"]

1. c4 g6 2. g3 Nf6 3. Bg2 d5 4. cxd5 Nxd5 5. Nc3 Nb6 6. d3 Bg7 7. Be3 Nc6 8. Qd2
Nd4 9. Nf3 Nf5 10. Bc5 O-O 11. O-O c6 12. Rfd1 Nd7 13. Ba3 a5 14. b3 Nd6 15.
Rac1 Bxc3 16. Qxc3 Nb5 17. Qb2 Nxa3 18. Qxa3 Nb6 19. Qc5 Bg4 20. d4 a4 21. Rd2
axb3 22. axb3 Be6 23. Qb4 Nd5 24. Qxb7 Qa5 25. e4 Rab8 26. Qxc6 Rfc8 27. exd5
Qxd5 28. Ne5 Qd6 29. b4 Rxc6 30. Nxc6 Rb6 31. d5 Bd7 32. Rdd1 Kg7 33. h3 h5 34.
Rb1 Bf5 35. Ra1 Bc2 36. Re1 Bb3 37. Nxe7 Qxb4 38. Re3 Bc4 39. Rd1 Rf6 40. Nc6
Qb2 41. f4 Qb6 42. Re1 Qc5 43. Ne5 Bb5 44. Kh1 Ra6 45. f5 Qc2 46. Rf3 Qd2 47.
Rg1 Qxd5 48. Re3 Qc5 49. Ree1 gxf5 50. Nf3 Bd3 51. Nh4 Ra2 52. Rd1 Be4 53. Rdf1
Qc2 54. Kh2 Qd3 55. Rf4 Kf8 56. Re1 Ra3 57. Nf3 h4 58. Rf1 hxg3+ 59. Kxg3 Qd6
60. Rf2 Kg7 61. h4 Kh6 62. Bh3 f6 63. Bf1 Ra8 64. Nd2 Rg8+ 65. Kh3 Qa3+ 66. R4f3
Bxf3 67. Rxf3 Qc1 68. Nc4 f4 69. Nd6 Rg3+ 0-1

[Event "55th Groningen Open 2017"]
[Site "Groningen NED"]
[Date "2017.12.24"]
[Round "4.2"]
[White "Turov, Maxim"]
[Black "Anurag, Mhamal"]
[Result "1-0"]
[WhiteTitle "GM"]
[BlackTitle "GM"]
[WhiteElo "2618"]
[BlackElo "2488"]
[WhiteFideId "4120086"]
[BlackFideId "5024366"]
[EventDate "2017.12.22"]

1. Nf3 Nf6 2. g3 g6 3. Bg2 Bg7 4. O-O O-O 5. d4 d5 6. c4 c6 7. Qb3 Qb6 8. h3 Rd8
9. Rd1 dxc4 10. Qxc4 Be6 11. Qa4 Qa6 12. Nc3 Qxa4 13. Nxa4 Na6 14. b3 Ne4 15.
Bb2 Bd5 16. Ne5 Bxe5 17. dxe5 b5 18. Nc3 Nxc3 19. Bxc3 Bxg2 20. Kxg2 Kf8 21. Ba5
Rxd1 22. Rxd1 Ke8 23. Kf3 c5 24. Kf4 Rc8 25. Kg5 b4 26. Kh6 Nb8 27. Rc1 Rc6 28.
Kxh7 Nd7 29. Bxb4 g5 30. f4 gxf4 31. gxf4 Nf8+ 32. Kg8 Rg6+ 33. Kh8 Rh6+ 34. Kg8
Rg6+ 35. Kh8 f5 36. Rxc5 Rh6+ 37. Kg8 Rg6+ 38. Kh8 Ne6 39. Rc8+ Kf7 40. Kh7 Rg3
41. h4 Nf8+ 42. Rxf8+ Kxf8 43. Bc5 a6 44. e6 Rg7+ 45. Kh6 Rg2 46. e3 Rxa2 47.
Kg6 Rc2 48. Bd4 Rc1 49. h5 Kg8 50. h6 Rg1+ 51. Kxf5 Kh7 52. Bc5 Rb1 53. Bxe7
Rxb3 54. Bd6 Rxe3 55. e7 1-0

[Event "55th Groningen Open 2017"]
[Site "Groningen NED"]
[Date "2017.12.24"]
[Round "4.3"]
[White "Ernst, Sipke"]
[Black "Bok, Benjamin"]
[Result "0-1"]
[WhiteTitle "GM"]
[BlackTitle "GM"]
[WhiteElo "2532"]
[BlackElo "2601"]
[WhiteFideId "1004689"]
[BlackFideId "1017063"]
[EventDate "2017.12.22"]

1. d4 Nf6 2. Nf3 b6 3. b3 Bb7 4. e3 c5 5. Bb2 cxd4 6. exd4 g6 7. g3 Bg7 8. Bg2
O-O 9. O-O d5 10. c4 dxc4 11. bxc4 Nc6 12. Na3 Rc8 13. Rc1 Na5 14. Re1 e6 15. h4
Re8 16. Bf1 Re7 17. Ne5 Nd7 18. Nd3 Nf6 19. Ne5 Nd7 20. Nd3 Nb8 21. Ne5 Nbc6 22.
Bc3 Nxe5 23. dxe5 Rd7 24. Qe2 Qc7 25. Nb5 Qc6 26. f3 Qxf3 27. Qxf3 Bxf3 28. Nd6
Rb8 29. Bxa5 bxa5 30. c5 Rb2 31. g4 Bc6 32. a4 Rc7 33. g5 Rb4 34. Bb5 Rxh4 35.
Rb1 Rh1+ 36. Kf2 Rxe1 37. Kxe1 Bd5 38. Be8 Bxe5 39. Rb8 Kg7 40. Bb5 Rxc5 41.
Ne8+ Kf8 42. Rd8 Bc3+ 43. Ke2 Bc4+ 44. Bxc4 Ke7 0-1

[Event "55th Groningen Open 2017"]
[Site "Groningen NED"]
[Date "2017.12.24"]
[Round "4.4"]
[White "Tiviakov, Sergei"]
[Black "Kuipers, Stefan"]
[Result "1-0"]
[WhiteTitle "GM"]
[BlackTitle "IM"]
[WhiteElo "2583"]
[BlackElo "2440"]
[WhiteFideId "1008013"]
[BlackFideId "1018400"]
[EventDate "2017.12.22"]

1. e4 e6 2. d4 d5 3. Nd2 c5 4. exd5 Qxd5 5. dxc5 Nf6 6. Ngf3 Qxc5 7. Bd3 Qc7 8.
O-O Nbd7 9. a4 Nc5 10. Bc4 Be7 11. a5 O-O 12. Qe2 b6 13. a6 Bd7 14. Nd4 Rac8 15.
Nb5 Qb8 16. b3 Bxb5 17. Bxb5 Nd5 18. Bb2 Bf6 19. Bxf6 Nxf6 20. b4 Ncd7 21. Nf3
Qc7 22. c4 Nb8 23. Rfd1 Qe7 24. Rab1 Ne8 25. Bxe8 Rfxe8 26. b5 Qc7 27. Rbc1 Red8
28. g3 h6 29. Ne5 Nd7 30. Nc6 Re8 31. Rd2 Nc5 32. Rcd1 e5 33. Qg4 Re6 34. Rd8+
Rxd8 35. Rxd8+ Kh7 36. Ra8 Rf6 37. Rc8 Qd6 38. Rd8 Qc7 39. Qc8 1-0

[Event "55th Groningen Open 2017"]
[Site "Groningen NED"]
[Date "2017.12.24"]
[Round "4.5"]
[White "Pel, Bonno"]
[Black "Postny, Evgeny"]
[Result "0-1"]
[WhiteTitle "FM"]
[BlackTitle "GM"]
[WhiteElo "2247"]
[BlackElo "2581"]
[WhiteFideId "1004760"]
[BlackFideId "2804344"]
[EventDate "2017.12.22"]

1. g3 d5 2. Bg2 e5 3. d3 Nf6 4. Nf3 Bd6 5. O-O O-O 6. Nc3 Re8 7. e4 d4 8. Ne2 c5
9. Nh4 Nc6 10. h3 h6 11. Kh1 Bd7 12. Bd2 Rc8 13. c4 dxc3 14. Nxc3 Bf8 15. Be3
Be6 16. f4 exf4 17. gxf4 Ng4 18. hxg4 Qxh4+ 19. Kg1 Bxg4 20. Qd2 Red8 21. Rae1
c4 22. Bf2 Qh5 23. Nd5 cxd3 24. Re3 Nd4 25. Rh3 Bxh3 0-1

[Event "55th Groningen Open 2017"]
[Site "Groningen NED"]
[Date "2017.12.24"]
[Round "4.6"]
[White "Pruijssers, Roeland"]
[Black "Hommes, Elmar"]
[Result "1-0"]
[WhiteTitle "GM"]
[WhiteElo "2543"]
[BlackElo "2039"]
[WhiteFideId "1013068"]
[BlackFideId "1017136"]
[EventDate "2017.12.22"]

1. e4 e5 2. Nf3 Nc6 3. Bb5 a6 4. Ba4 Nf6 5. O-O b5 6. Bb3 Be7 7. a4 Bb7 8. d3 d6
9. Nc3 Na5 10. Ba2 Qd7 11. b4 Nc6 12. Nd5 Nxd5 13. Bxd5 O-O 14. c3 Bf6 15. Qb3
Rab8 16. Be3 Ne7 17. Bxb7 Rxb7 18. axb5 axb5 19. d4 exd4 20. cxd4 Ng6 21. Qc2
Re8 22. Ra6 Qg4 23. Rfa1 Qxe4 24. Qxe4 Rxe4 25. Ra8+ Nf8 26. Rc8 Be7 27. Nd2 Re6
28. Nb3 f5 29. d5 Re4 30. g3 Kf7 31. Na5 Rxe3 32. fxe3 Ra7 33. Rc1 c5 34. dxc6
Ke6 35. Rxf8 Kd5 1-0

[Event "55th Groningen Open 2017"]
[Site "Groningen NED"]
[Date "2017.12.24"]
[Round "4.7"]
[White "Kislinsky, Alexey"]
[Black "Schippers, Maurice"]
[Result "1/2-1/2"]
[WhiteTitle "GM"]
[WhiteElo "2513"]
[BlackElo "2302"]
[WhiteFideId "14108801"]
[BlackFideId "1004735"]
[EventDate "2017.12.22"]

1. e4 c5 2. d4 cxd4 3. c3 dxc3 4. Nxc3 Nc6 5. Nf3 e6 6. Bc4 Nge7 7. Bg5 f6 8.
Be3 Ng6 9. a3 Be7 10. Ba2 Qc7 11. Rc1 Qb8 12. O-O O-O 13. Qe2 Kh8 14. Bb1 b6 15.
Rfd1 Rd8 16. h3 Bb7 17. Qb5 Nce5 18. Nd4 a6 19. Qe2 b5 20. Ba2 Rc8 21. Rc2 Nc4
22. Bc1 Nb6 23. Nb3 b4 24. axb4 Bxb4 25. Nd4 a5 26. Qg4 a4 27. Nde2 Ba6 28. Nf4
Nxf4 29. Bxf4 Qb7 30. Rcd2 Qc6 31. Be3 Bc5 32. Bxc5 Qxc5 33. Ne2 Bxe2 34. Qxe2
Rc6 35. Rd3 Qe5 36. Rg3 f5 37. Qh5 Qxe4 38. Bb1 Qe5 39. Rg4 Nd5 40. Rxa4 Rac8
41. Rad4 Nf6 42. Qg5 Rb6 43. b4 Rcb8 44. Qd2 d5 45. g4 Qd6 46. g5 Ng8 47. Bd3
Rxb4 48. Rxb4 Rxb4 49. Re1 Rb6 50. Qe3 Ne7 51. Ra1 Kg8 52. Ra8+ Kf7 53. Rh8 Rb3
54. Qe2 e5 55. Bb5 Rxh3 56. Ra8 Ra3 57. Be8+ Ke6 58. Qh5 e4 59. Qf7+ Ke5 60.
Qxg7+ Kf4 61. Qxh7 Qb4 62. Qh4+ Ke5 63. Qh8+ Kf4 64. Qh4+ Ke5 65. Qh8+ Kf4 66.
Qh4+ Ke5 67. Qh2+ Kd4 68. Qh8+ Kc4 69. Bb5+ Kc5 70. Rxa3 Qxa3 71. Bf1 e3 72. Qe5
exf2+ 73. Kxf2 Nc6 74. Qxf5 Qb2+ 75. Kg1 1/2-1/2

[Event "55th Groningen Open 2017"]
[Site "Groningen NED"]
[Date "2017.12.24"]
[Round "4.8"]
[White "Van Foreest, Lucas"]
[Black "Rahul, Srivatshav P"]
[Result "0-1"]
[WhiteTitle "IM"]
[WhiteElo "2481"]
[BlackElo "2331"]
[WhiteFideId "1039792"]
[BlackFideId "25059653"]
[EventDate "2017.12.22"]

1. e4 c5 2. Nf3 e6 3. d4 cxd4 4. Nxd4 Nc6 5. Nc3 Qc7 6. Be3 a6 7. Qd2 Nf6 8. f3
Be7 9. O-O-O b5 10. Qf2 Ne5 11. Kb1 Rb8 12. g4 h6 13. Qg3 d6 14. h4 b4 15. Nce2
Nc4 16. Bc1 a5 17. Bh3 a4 18. g5 Nh5 19. Qg2 g6 20. gxh6 e5 21. Ne6 Bxe6 22.
Bxe6 fxe6 23. Qxg6+ Kd7 24. Qxh5 b3 25. Ka1 bxc2 26. Rdg1 Na5 27. a3 Nb3+ 28.
Ka2 Qc4 29. Nc3 Nxc1+ 30. Ka1 Qxc3 31. bxc3 Rb1# 0-1

[Event "55th Groningen Open 2017"]
[Site "Groningen NED"]
[Date "2017.12.24"]
[Round "4.9"]
[White "Beerdsen, Thomas"]
[Black "Kathmale, Sameer"]
[Result "1/2-1/2"]
[WhiteTitle "IM"]
[BlackTitle "IM"]
[WhiteElo "2419"]
[BlackElo "2264"]
[WhiteFideId "1030108"]
[BlackFideId "5024498"]
[EventDate "2017.12.22"]

1. e4 c6 2. d4 d5 3. Nd2 dxe4 4. Nxe4 Bf5 5. Ng3 Bg6 6. Nh3 Nd7 7. Nf4 e5 8.
Nxg6 hxg6 9. Be2 Qa5+ 10. Bd2 Qb6 11. dxe5 Nxe5 12. O-O O-O-O 13. Qe1 Re8 14.
Rd1 Nf6 15. b3 Ba3 16. Ba5 Qc5 17. c4 Neg4 18. h3 Qg5 19. Qd2 Ne3 20. Bf3 Qh4
21. fxe3 Qxg3 22. Qd4 c5 23. Qd3 Bb2 24. Bxb7+ Kxb7 25. Rxf6 Bxf6 26. Qd7+ Kb8
27. Qb5+ Ka8 28. Qc6+ 1/2-1/2

[Event "55th Groningen Open 2017"]
[Site "Groningen NED"]
[Date "2017.12.24"]
[Round "4.10"]
[White "Abbas, Daniel"]
[Black "Schoppen, Casper"]
[Result "0-1"]
[WhiteTitle "FM"]
[BlackTitle "IM"]
[WhiteElo "2319"]
[BlackElo "2395"]
[WhiteFideId "423831"]
[BlackFideId "1046730"]
[EventDate "2017.12.22"]

1. e4 e5 2. Nf3 Nc6 3. Bc4 Nf6 4. d3 Bc5 5. c3 O-O 6. Nbd2 d5 7. exd5 Nxd5 8.
O-O Nb6 9. b4 Bd6 10. Bb3 Bg4 11. h3 Bh5 12. Ne4 Kh8 13. Ng3 Bg6 14. Re1 a6 15.
Bg5 f6 16. Be3 f5 17. Bg5 Qd7 18. Nh4 Bf7 19. Be3 Bxb3 20. axb3 Nd5 21. Bd2 Nf4
22. b5 Ne7 23. Bxf4 exf4 24. Nf1 axb5 25. Rxa8 Rxa8 26. d4 c6 27. Qd3 g6 28. Nf3
Nd5 29. c4 bxc4 30. bxc4 Nf6 31. N1d2 Re8 32. Rxe8+ Qxe8 33. Qb3 b5 34. Qb2 Kg7
35. d5 b4 36. dxc6 Qxc6 37. Ng5 Qe8 38. Ndf3 h6 39. h4 Qe7 40. Qa1 Kg8 41. c5
hxg5 42. cxd6 Qxd6 43. hxg5 Ne4 44. Qa8+ Kf7 45. Qa7+ Ke8 46. Qa8+ Kd7 47. Qb7+
Kd8 48. Qa7 Kc8 49. Nd4 Qc5 50. Qa8+ Kd7 51. Qb7+ Kd6 52. Nb5+ Ke6 53. Nc7+ Ke5
54. Kh2 Nxf2 55. Nd5 Ng4+ 56. Kh3 Qxd5 0-1